[Event "Sao Paulo op-B U2050"]
[Site "Sao Paulo"]
[Date "2014.04.06"]
[Round "6"]
[White "Peres, Jefferson Silva Dos"]
[Black "Lopes, Marcelo Ferreira"]
[Result "1/2-1/2"]
[WhiteElo "1949"]
[BlackElo "2006"]
[PlyCount "159"]
[EventDate "2014.04.03"]
[EventType "swiss"]
[EventRounds "6"]
[EventCountry "BRA"]
[SourceTitle "CBM 159 Extra"]
[Source "ChessBase"]
[SourceDate "2014.04.24"]
[SourceVersion "1"]
[SourceVersionDate "2014.04.24"]
[SourceQuality "1"]

1. d4 Nf6 2. c4 e6 3. Nc3 Bb4 4. Bg5 d5 5. e3 c6 6. a3 Bxc3+ 7. bxc3 Qa5 8. Qc2 Ne4 9. Bf4 Qxc3+ 10. Qxc3 Nxc3 11. Rc1 Ne4 12. Bd3 Nf6 13. Nf3 0-0 14. 0-0 Nbd7 15. c5 Re8 16. Bd6 Nf8 17. Ne5 N6d7 18. Nxd7 Nxd7 19. Rfe1 Nf6 20. f3 Rd8 21. Bg3 Ne8 22. a4 f6 23. a5 Rd7 24. Rcd1 g5 25. e4 Ng7 26. exd5 cxd5 27. a6 bxa6 28. c6 Rf7 29. Rb1 Ne8 30. Rb8 Rxb8 31. Bxb8 Re7 32. f4 h6 33. Bg6 Nc7 34. fxg5 hxg5 35. Bxa7 Rg7 36. Bd3 Nb5 37. Bb6 Nc7 38. Rb1 e5 39. Ba5 e4 40. Be2 Bf5 41. g4 Be6 42. Rb7 Nb5 43. Bxb5 axb5 44. c7 Bxg4 45. Rxb5 Be6 46. Rb8+ Kh7 47. c8Q Bxc8 48. Rxc8 Rd7 49. Rc7 Rxc7 50. Bxc7 Kg6 51. Bd8 f5 52. h4 gxh4 53. Bxh4 Kh5 54. Bf6 Kg4 55. Kf2 f4 56. Be5 e3+ 57. Ke2 Kg3 58. Bd6 Kg4 59. Bb4 Kg3 60. Be1+ Kg2 61. Bh4 Kh3 62. Bg5 Kg4 63. Be7 Kg3 64. Bd6 Kg4 65. Bb4 Kg3 66. Be1+ Kg2 67. Bh4 Kh3 68. Bg5 Kg3 69. Be7 f3+ 70. Kxe3 f2 71. Bh4+ Kxh4 72. Kxf2 Kg4 73. Ke3 Kg3 74. Kd3 Kf3 75. Kc3 Ke3 76. Kc2 Kxd4 77. Kd2 Ke4 78. Ke2 Kf4 79. Kd3 Ke5 80. Ke3 1/2-1/2

[Event "Sao Bernardo LXSBC 1st"]
[Site "Sao Bernardo do Campo"]
[Date "2008.07.19"]
[Round "4"]
[White "Terao, Juliana Sayumi"]
[Black "Peres, Jefferson Silva Dos"]
[Result "1/2-1/2"]
[WhiteElo "2094"]
[BlackElo "1854"]
[PlyCount "122"]
[EventDate "2008.07.18"]
[EventType "swiss"]
[EventRounds "6"]
[EventCountry "BRA"]
[SourceTitle "EXT 2022"]
[Source "ChessBase"]
[SourceDate "2021.10.06"]
[SourceVersion "1"]
[SourceVersionDate "2021.10.06"]
[SourceQuality "1"]

1. e4 d6 2. d4 Nf6 3. Nc3 g6 4. h3 Bg7 5. Nf3 c6 6. Be3 0-0 7. a4 Nbd7 8. Qd2 Re8 9. Be2 e5 10. dxe5 dxe5 11. 0-0 Qe7 12. Bc4 Nf8 13. Rfe1 Rd8 14. Qe2 h6 15. Rad1 Rxd1 16. Rxd1 Kh7 17. Qd3 N8d7 18. Bb3 Ne8 19. Ne2 Kg8 20. Qd2 Kh7 21. Ng3 b6 22. h4 Rb8 23. h5 Rb7 24. Qd3 Nf8 25. Qc4 Qe6 26. Qc3 Qf6 27. hxg6+ fxg6 28. Rd3 Rc7 29. a5 c5 30. Ba4 Nd6 31. Rd5 Nf7 32. axb6 axb6 33. b4 Bb7 34. Rd1 Qe7 35. Qd2 Ne6 36. bxc5 Nxc5 37. Bxc5 bxc5 38. c4 Bf6 39. Qa5 Nd6 40. Bc2 Nxc4 41. Qc3 Nd6 42. Nd2 Nb5 43. Qb2 Nd4 44. Bd3 Bg5 45. Bc4 Bf4 46. Ndf1 h5 47. f3 Rd7 48. Ra1 Qg5 49. Ra7 Be3+ 50. Nxe3 Qxg3 51. Qf2 Qxf2+ 52. Kxf2 Nc6 53. Ra2 Nb4 54. Ra5 Rc7 55. Ra7 Nc6 56. Ra2 Ne7 57. Ra7 Nc8 58. Ra2 Nd6 59. Rb2 Nxc4 60. Nxc4 Re7 61. Ra2 Kg7 1/2-1/2

[Event "Sao Bernardo LXSBC 1st"]
[Site "Sao Bernardo do Campo"]
[Date "2008.07.18"]
[Round "5"]
[White "Peres, Jefferson Silva Dos"]
[Black "Oliveira, Jose Roberto Jr"]
[Result "0-1"]
[WhiteElo "1854"]
[BlackElo "2060"]
[PlyCount "80"]
[EventDate "2008.07.18"]
[EventType "swiss"]
[EventRounds "6"]
[EventCountry "BRA"]
[SourceTitle "EXT 2022"]
[Source "ChessBase"]
[SourceDate "2021.10.06"]
[SourceVersion "1"]
[SourceVersionDate "2021.10.06"]
[SourceQuality "1"]

1. d4 Nf6 2. c4 c6 3. Nc3 d5 4. Nf3 e6 5. Bg5 Nbd7 6. e3 Qa5 7. cxd5 Nxd5 8. Qd2 Bb4 9. Rc1 h6 10. Bh4 0-0 11. Bd3 e5 12. 0-0 exd4 13. exd4 N7f6 14. h3 Be6 15. Bb1 Nd7 16. Qc2 g6 17. Qd2 Kg7 18. Rfe1 Rfe8 19. Ne5 Bf8 20. f4 Nxe5 21. dxe5 Nxc3 22. bxc3 Be7 23. Bf2 Rad8 24. Qb2 Ba3 25. Qxb7 Bxc1 26. Rxc1 Qa4 27. Bd4 Rxd4 28. cxd4 Qxd4+ 29. Kh1 Qxf4 30. Rxc6 Qxe5 31. Bc2 Qa1+ 32. Kh2 Qxa2 33. Qb5 Bd7 34. Rxg6+ fxg6 35. Qxd7+ Qf7 36. Qd4+ Kh7 37. Qd6 Re6 38. Qd2 Qf6 39. Qd7+ Re7 40. Qg4 Qd6+ 0-1